[Event "NOR-ch Seniors 50"]
[Site "Sarpsborg"]
[Date "2018.07.11"]
[Round "6"]
[White "Store, Trond"]
[Black "Hansen, Svein Erik"]
[Result "1/2-1/2"]
[WhiteElo "2077"]
[BlackElo "2041"]
[PlyCount "83"]
[EventDate "2018.07.07"]
[EventType "swiss"]
[EventRounds "9"]
[EventCountry "NOR"]
[SourceTitle "EXT 2024"]
[Source "ChessBase"]
[SourceDate "2023.10.10"]
[SourceVersion "1"]
[SourceVersionDate "2023.10.10"]
[SourceQuality "1"]

1. Nf3 Nf6 2. c4 c5 3. g3 Nc6 4. Bg2 g6 5. 0-0 Bg7 6. Nc3 0-0 7. d4 cxd4 8. Nxd4 Nxd4 9. Qxd4 d6 10. Qh4 a6 11. Bh6 Qc7 12. Rfc1 Be6 13. Nd5 Bxd5 14. Bxd5 Bxh6 15. Qxh6 Nxd5 16. cxd5 Qb6 17. b3 Rac8 18. Qh4 Rc7 19. Rc4 Rfc8 20. Rac1 Rxc4 21. Rxc4 Rxc4 22. Qxc4 Qc5 23. Qa4 Qxd5 24. Qe8+ Kg7 25. Qxe7 b5 26. Qe3 Qd1+ 27. Kg2 Qd5+ 28. f3 Qe5 29. Qd3 d5 30. a4 d4 31. axb5 axb5 32. f4 Qc5 33. Kf3 f5 34. e3 dxe3 35. Qxe3 Qd5+ 36. Ke2 Kf6 37. Qc3+ Ke6 38. Qc8+ Kd6 39. Qd8+ Kc6 40. Qe8+ Kb6 41. Qe3+ Kc6 42. Qe8+ 1/2-1/2

[Event "NOR-ch Seniors 50"]
[Site "Sarpsborg"]
[Date "2018.07.07"]
[Round "2"]
[White "Store, Trond"]
[Black "Andersen, Harry"]
[Result "1-0"]
[WhiteElo "2077"]
[BlackElo "1939"]
[PlyCount "35"]
[EventDate "2018.07.07"]
[EventType "swiss"]
[EventRounds "9"]
[EventCountry "NOR"]
[SourceTitle "EXT 2024"]
[Source "ChessBase"]
[SourceDate "2023.10.10"]
[SourceVersion "1"]
[SourceVersionDate "2023.10.10"]
[SourceQuality "1"]

1. c4 e5 2. Nc3 Nf6 3. Nf3 Nc6 4. g3 d5 5. cxd5 Nxd5 6. Bg2 Be6 7. 0-0 Be7 8. d4 exd4 9. Nxd4 Nxd4 10. Bxd5 Nxe2+ 11. Qxe2 Bxd5 12. Qe5 Bf3 13. Qxg7 Bf6 14. Re1+ Kd7 15. Qxf7+ Kc8 16. Bg5 Rf8 17. Qe6+ Qd7 18. Bxf6 1-0

[Event "Stjernen NGP A"]
[Site "Oslo"]
[Date "2018.06.09"]
[Round "3"]
[White "Store, Trond"]
[Black "Grindbakken, Erik"]
[Result "1-0"]
[WhiteElo "2051"]
[BlackElo "1636"]
[PlyCount "71"]
[EventDate "2018.06.08"]
[EventType "swiss"]
[EventRounds "6"]
[EventCountry "NOR"]
[SourceTitle "EXT 2024"]
[Source "ChessBase"]
[SourceDate "2023.10.10"]
[SourceVersion "1"]
[SourceVersionDate "2023.10.10"]
[SourceQuality "1"]

1. Nf3 c5 2. e4 Nc6 3. d4 cxd4 4. Nxd4 e5 5. Nb5 d6 6. c4 a6 7. N5c3 h6 8. Nd5 Nf6 9. Nbc3 Nxd5 10. Nxd5 Ne7 11. Nc3 Nc6 12. Be3 Be6 13. Be2 Be7 14. 0-0 0-0 15. Nd5 Bxd5 16. cxd5 Nb8 17. Qb3 b5 18. a4 bxa4 19. Rxa4 Nd7 20. Rxa6 Rxa6 21. Bxa6 Qa5 22. Qb5 Qxb5 23. Bxb5 Nf6 24. Bd3 Rb8 25. Rb1 Bd8 26. b4 Bb6 27. Bxb6 Rxb6 28. Kf1 Nd7 29. Ke2 Kf8 30. Kd2 Ke8 31. Kc3 Kd8 32. Ra1 Rb8 33. Ra7 g5 34. Ba6 Nf6 35. Bb7 h5 36. Bc6 1-0

[Event "Oslo Stjernens op"]
[Site "Oslo"]
[Date "2017.06.17"]
[Round "5"]
[White "Store, Trond"]
[Black "Sousa, Ludy Helsio Paulo"]
[Result "0-1"]
[WhiteElo "2082"]
[BlackElo "2159"]
[PlyCount "74"]
[EventDate "2017.06.16"]
[EventType "swiss"]
[EventRounds "6"]
[EventCountry "NOR"]
[SourceTitle "EXT 2018"]
[Source "ChessBase"]
[SourceDate "2017.10.13"]
[SourceVersion "1"]
[SourceVersionDate "2017.10.13"]
[SourceQuality "1"]

1. c4 c5 2. Nf3 d6 3. d4 cxd4 4. Nxd4 Nf6 5. Nc3 e6 6. g3 a6 7. Bg2 Qc7 8. Qd3 Nbd7 9. b3 Ne5 10. Qe3 Nfg4 11. Qd2 Bd7 12. 0-0 Rc8 13. Bb2 Be7 14. Rac1 0-0 15. f4 Nc6 16. Nxc6 Bxc6 17. Nd5 Qd8 18. Nxe7+ Qxe7 19. e4 Rfd8 20. h3 Nf6 21. Qe3 e5 22. f5 b5 23. Rfd1 Qb7 24. c5 Bxe4 25. Bxe4 Qxe4 26. Qxe4 Nxe4 27. cxd6 Rxc1 28. Rxc1 Nxg3 29. Rc6 f6 30. Rxa6 Nxf5 31. Ba3 Kf7 32. Rb6 Ke6 33. Rxb5 Ra8 34. Bb4 Rxa2 35. Rb7 e4 36. d7 Ra1+ 37. Kh2 Rd1 0-1

[Event "Oslo Nordstrand op"]
[Site "Oslo"]
[Date "2017.04.23"]
[Round "5"]
[White "Edvardsen, Ragnar"]
[Black "Store, Trond"]
[Result "0-1"]
[WhiteElo "1969"]
[BlackElo "2084"]
[PlyCount "122"]
[EventDate "2017.04.21"]
[EventType "swiss"]
[EventRounds "5"]
[EventCountry "NOR"]
[SourceTitle "CBM 178 Extra"]
[Source "ChessBase"]
[SourceDate "2017.06.22"]
[SourceVersion "1"]
[SourceVersionDate "2017.06.22"]
[SourceQuality "1"]

1. e4 c5 2. Nf3 d6 3. d4 cxd4 4. Nxd4 Nf6 5. Nc3 a6 6. Bg5 e6 7. f4 Qb6 8. Bxf6 gxf6 9. a3 Nc6 10. Nxc6 bxc6 11. Be2 Be7 12. Qd2 Qxb2 13. 0-0 Qb6+ 14. Kh1 Qa5 15. Rfb1 0-0 16. Rb3 f5 17. Qd4 e5 18. fxe5 Qxe5 19. Qxe5 dxe5 20. Bf3 Be6 21. Rb7 Bc5 22. Na4 Be3 23. exf5 Bxf5 24. Re1 Bxc2 25. Rxe3 Bxa4 26. Rxe5 Rab8 27. Ree7 Rxb7 28. Rxb7 Re8 29. Kg1 Bb5 30. Rc7 Kg7 31. Bh5 Re1+ 32. Kf2 Rf1+ 33. Ke3 Rf5 34. Bf3 Rc5 35. Kd4 Rc4+ 36. Ke5 Rc3 37. Kd6 Rxa3 38. Bxc6 Bxc6 39. Rxc6 Ra2 40. Ke5 a5 41. g4 Rxh2 42. Ra6 Ra2 43. g5 a4 44. Kf4 a3 45. Kg3 Ra1 46. Kg2 Kf8 47. Ra7 Kg7 48. Ra6 a2 49. Kh2 h6 50. gxh6+ Kh7 51. Kg2 f6 52. Kh2 f5 53. Kg2 f4 54. Ra7+ Kxh6 55. Ra6+ Kg5 56. Ra5+ Kh4 57. Ra4 Kg4 58. Ra3 Kf5 59. Ra5+ Ke6 60. Ra6+ Kd5 61. Ra5+ Kc4 0-1

[Event "Oslo Nordstrand op"]
[Site "Oslo"]
[Date "2017.04.22"]
[Round "3"]
[White "Omtvedt, Per"]
[Black "Store, Trond"]
[Result "1/2-1/2"]
[WhiteElo "1917"]
[BlackElo "2084"]
[PlyCount "66"]
[EventDate "2017.04.21"]
[EventType "swiss"]
[EventRounds "5"]
[EventCountry "NOR"]
[SourceTitle "CBM 178 Extra"]
[Source "ChessBase"]
[SourceDate "2017.06.22"]
[SourceVersion "1"]
[SourceVersionDate "2017.06.22"]
[SourceQuality "1"]

1. e4 c5 2. Nc3 a6 3. g3 b5 4. Bg2 Bb7 5. d3 e6 6. f4 d5 7. exd5 exd5 8. Nf3 Nf6 9. 0-0 Be7 10. Ne5 0-0 11. d4 c4 12. Be3 Nbd7 13. Qe2 Re8 14. Nd1 Ne4 15. Nf2 Ndf6 16. g4 Nxf2 17. Qxf2 Ne4 18. Bxe4 dxe4 19. g5 Qd5 20. h3 f6 21. gxf6 Bxf6 22. Kh2 Rf8 23. Qg3 Rae8 24. Rad1 Qe6 25. c3 Qf5 26. Rg1 Rd8 27. Ng4 Kh8 28. Rd2 Bd5 29. Rdg2 Rg8 30. Ne5 Rd6 31. Ng4 Rdd8 32. Ne5 Rd6 33. Ng4 Rdd8 1/2-1/2

[Event "Oslo Nordstrand op"]
[Site "Oslo"]
[Date "2017.04.21"]
[Round "1"]
[White "Store, Trond"]
[Black "Kovachev, Daniel Jakobsen"]
[Result "0-1"]
[WhiteElo "2084"]
[BlackElo "2314"]
[PlyCount "114"]
[EventDate "2017.04.21"]
[EventType "swiss"]
[EventRounds "5"]
[EventCountry "NOR"]
[SourceTitle "CBM 178 Extra"]
[Source "ChessBase"]
[SourceDate "2017.06.22"]
[SourceVersion "1"]
[SourceVersionDate "2017.06.22"]
[SourceQuality "1"]

1. d4 Nf6 2. c4 e6 3. Nf3 d5 4. g3 dxc4 5. Bg2 Nc6 6. 0-0 Rb8 7. Ne5 Nxe5 8. dxe5 Qxd1 9. Rxd1 Nd7 10. Be3 a6 11. Ba7 Ra8 12. Bd4 c5 13. Bc3 Ra7 14. a4 b6 15. Nd2 Bb7 16. Nxc4 Bxg2 17. Kxg2 Be7 18. Rd2 f5 19. exf6 gxf6 20. Rad1 Rg8 21. Nd6+ Bxd6 22. Rxd6 Ke7 23. Rc6 Rg4 24. f4 f5 25. Rdd6 Rg6 26. a5 bxa5 27. Rxa6 Rxa6 28. Rxa6 e5 29. Rxg6 hxg6 30. Bxa5 exf4 31. gxf4 Nf6 32. Kf3 Ke6 33. Bc3 Ne4 34. Be1 c4 35. Ke3 Kd5 36. Bc3 Nd6 37. Kf3 Ne4 38. h4 Nc5 39. e3 Ne4 40. Bd4 Nd2+ 41. Ke2 Ne4 42. Kd1 Nd6 43. Kc2 Nb5 44. Be5 Ke4 45. Kd2 Kf3 46. Bf6 Nc7 47. Be5 Nd5 48. Bd4 Ke4 49. Ke2 Nxf4+ 50. Kd2 Ng2 51. Bb6 Nxh4 52. Ke2 Nf3 53. Bd8 g5 54. Bf6 g4 55. Kf2 Ne5 56. Ke2 Nd3 57. Bg7 g3 0-1

[Event "Konnerud Grand Prix NGP"]
[Site "Konnerud"]
[Date "2016.12.11"]
[Round "5"]
[White "Ljones, Gaute"]
[Black "Store, Trond"]
[Result "0-1"]
[WhiteElo "1636"]
[BlackElo "2075"]
[PlyCount "86"]
[EventDate "2016.12.10"]
[EventType "swiss"]
[EventRounds "5"]
[EventCountry "NOR"]
[SourceTitle "EXT 2024"]
[Source "ChessBase"]
[SourceDate "2023.10.10"]
[SourceVersion "1"]
[SourceVersionDate "2023.10.10"]
[SourceQuality "1"]

1. d4 Nf6 2. c4 g6 3. Nc3 d5 4. e3 Bg7 5. Nf3 0-0 6. Be2 c5 7. dxc5 Qa5 8. 0-0 dxc4 9. Bxc4 Qxc5 10. Be2 Nc6 11. Bd2 Bf5 12. Qa4 a6 13. Rac1 Qb6 14. Rfd1 Qxb2 15. e4 b5 16. Rc2 bxa4 17. Rxb2 Nxe4 18. Rb6 Nxd2 19. Rxc6 Nxf3+ 20. Bxf3 Bxc3 21. Rxc3 Rad8 22. Re1 Be6 23. a3 Rd6 24. g3 Rb8 25. Kg2 Rb3 26. Ree3 Rdb6 27. Bd1 Rxc3 28. Rxc3 Bb3 29. Bf3 Rd6 30. Rc1 Kg7 31. Bb7 e6 32. g4 Kf6 33. Kg3 Rd3+ 34. f3 Bd5 35. Bxd5 exd5 36. Rc6+ Ke5 37. Rxa6 Rxa3 38. Ra5 Ra1 39. h4 a3 40. f4+ Ke4 41. Ra4+ d4 42. f5 gxf5 43. gxf5 a2 0-1

[Event "Oslo op"]
[Site "Fornebu"]
[Date "2016.10.02"]
[Round "3"]
[White "Fuglesang, Michael W"]
[Black "Store, Trond"]
[Result "0-1"]
[WhiteElo "1780"]
[BlackElo "2049"]
[PlyCount "52"]
[EventDate "2016.09.30"]
[EventType "swiss"]
[EventRounds "9"]
[EventCountry "NOR"]
[SourceTitle "EXT 2017"]
[Source "ChessBase"]
[SourceDate "2016.10.25"]
[SourceVersion "1"]
[SourceVersionDate "2016.10.25"]
[SourceQuality "1"]

1. d4 Nf6 2. c4 g6 3. Nc3 d5 4. cxd5 Nxd5 5. e4 Nxc3 6. bxc3 Bg7 7. Bg5 c5 8. Rc1 0-0 9. Nf3 cxd4 10. cxd4 Bg4 11. d5 Nd7 12. h3 Bxf3 13. gxf3 Qa5+ 14. Qd2 Qa3 15. Be2 f5 16. Qe3 Qd6 17. Bf4 Ne5 18. Qc5 Nxf3+ 19. Bxf3 Qxf4 20. Qe3 fxe4 21. Bxe4 Qh4 22. Rc2 Rf4 23. Re2 Raf8 24. Kf1 Rxe4 25. Qxe4 Rxf2+ 26. Kg1 Qg3+ 0-1

[Event "Buskerud-ch"]
[Site "Drammen"]
[Date "2016.04.10"]
[Round "5"]
[White "Skrondal, Inge Sandstad"]
[Black "Store, Trond"]
[Result "1-0"]
[WhiteElo "2270"]
[BlackElo "1988"]
[PlyCount "155"]
[EventDate "2016.04.09"]
[EventType "swiss"]
[EventRounds "5"]
[EventCountry "NOR"]
[SourceTitle "EXT 2018"]
[Source "ChessBase"]
[SourceDate "2017.10.13"]
[SourceVersion "1"]
[SourceVersionDate "2017.10.13"]
[SourceQuality "1"]

1. d4 Nf6 2. Nf3 d5 3. c4 e6 4. g3 Be7 5. Bg2 0-0 6. 0-0 c6 7. b3 b6 8. Nbd2 Bb7 9. Qc2 Nbd7 10. Rd1 Rc8 11. e4 dxe4 12. Nxe4 Nxe4 13. Qxe4 Bf6 14. Bf4 Qe7 15. Rac1 Rfd8 16. Ne5 Bg5 17. Bxg5 Qxg5 18. f4 Qe7 19. c5 Nxe5 20. Qxe5 Rd7 21. a4 bxc5 22. Qxc5 Qxc5 23. dxc5 Rcd8 24. Rxd7 Rxd7 25. b4 Rc7 26. Rd1 Kf8 27. Kf2 Ke7 28. Rd6 h5 29. Ke3 g6 30. Be4 a6 31. Kd4 Ba8 32. b5 axb5 33. axb5 cxb5 34. Bxa8 Ra7 35. Bc6 Ra4+ 36. Ke3 Rc4 37. Rd7+ Kf6 38. Bxb5 Rxc5 39. Bd3 e5 40. Rd6+ Ke7 41. Ra6 exf4+ 42. Kxf4 Rc3 43. Ke3 Rc7 44. Ra2 Kf6 45. Rf2+ Kg5 46. Rf4 Kh6 47. Bc4 Kg7 48. Kd4 Rd7+ 49. Bd5 Rc7 50. Rf2 Ra7 51. Rb2 Ra1 52. Rb7 Rf1 53. Ke3 Rf5 54. Bb3 Re5+ 55. Kf3 Rf5+ 56. Kg2 Rf6 57. Bc4 Rf5 58. Be2 Re5 59. Kf2 Rf5+ 60. Bf3 Rf6 61. Ke3 Re6+ 62. Kd4 Rf6 63. Bd5 h4 64. Ke3 hxg3 65. hxg3 Rf5 66. Bc4 Rf6 67. g4 Kf8 68. Rc7 Kg7 69. Bd5 Rf1 70. Bc4 Rf6 71. Ke4 Rf2 72. g5 Rg2 73. Rxf7+ Kh8 74. Kf4 Rc2 75. Bd5 Rd2 76. Ke5 Re2+ 77. Kf6 Rd2 78. Kxg6 1-0